000 01356nam a22002417a 4500
999 _c57726
_d57726
003 Ge_BSU
005 20210416131155.0
008 201015s2014 ge ||||| |||| 00| 0 geo d
020 _a9789941936203
041 _ageo
080 _a34(430)(092)+ 341.231.14+347.152](075.8) ი-35
100 _aიერინგი, რუდოლფ ფონ
_99609
245 _aბრძოლა უფლებისათვის /
_cრუდოლფ ფონ იერინგი ; გერმ. თარგმნა იაზონ ბაქრაძემ ; წინათქმა და რუს. თარგმანი ზაზა ნანობაშვილისა ; რედ. ბესარიონ ზოიძე.
264 _aთბ. :
_bბონა კაუზა ,
_c2014.
300 _a117 გვ. ;
_b21 სმ.
504 _aბიბლიოგრ. ტექსტის შენიშვნ.
653 _aგერმანელი იურისტები
653 _aადამიანის ძირითადი უფლებები
653 _aსამართალი
700 _aნანობაშვილი, ზაზა,
_eმთარგმნელ;ი
_98145
700 _aზოიძე, ბესარიონ
_eრედაქტორი
_99610
942 _2udc
_cBK